| 000 | 01780nam a2200421 i 4500 | ||
|---|---|---|---|
| 999 |
_c5058 _d5058 |
||
| 003 | OSt | ||
| 005 | 20220403202711.0 | ||
| 008 | 180101s2018||||nyu|||||s|||||||||||eng|| | ||
| 020 | _a0803658508 (printISBN) | ||
| 020 | _a9780803658509 (printISBN) | ||
| 040 | _cAlupe University | ||
| 050 | 4 |
_aRM725 _bK57 2018 |
|
| 060 | 1 | 0 | _aWB 541 |
| 100 | _aCarolyn Kisner (ed) et al | ||
| 245 | 1 | 0 |
_aTherapeutic Exercise: Foundations and Techniques _cCarolyn Kisner, Lynn Allen Colby, John Borstad. |
| 250 | _a7th ed. | ||
| 264 | 1 |
_aNew York, N.Y. : _bMcGraw-Hill Education LLC., _c[2018] |
|
| 300 |
_a1 online resource (xxxiv, 1,081 pages) : _billustrations, figs., tables; |
||
| 336 |
_atext _btxt _2rdacontent. |
||
| 337 |
_acomputer _bc _2rdamedia. |
||
| 338 |
_aonline resource _bcr _2rdacarrier. |
||
| 504 | _aIncludes bibliographical references and indexes. | ||
| 506 | _aAccess restricted to University of Saskatchewan students, faculty, and staff. | ||
| 588 | _aDescription based on cover image and table of contents, viewed on Oct. 11, 2018. | ||
| 650 | 0 |
_aExercise therapy _vHandbooks, manuals, etc. |
|
| 650 | 0 |
_aExercise therapy _xMethods. |
|
| 650 | 0 | _aExercise therapy. | |
| 650 | 0 | _aTherapeutics, Physiological. | |
| 650 | 1 | 2 | _aExercise Therapy/methods. |
| 700 | 1 |
_aBorstad, John, _eeditor. |
|
| 700 | 1 |
_aColby, Lynn Allen, _eeditor. |
|
| 700 | 1 |
_aKisner, Carolyn, _eeditor. |
|
| 710 | 2 | _aMcGraw-Hill Medical (Firm) | |
| 776 | 0 | 8 |
_iOnline version: _tTherapeutic Exercise: Foundations and Techniques. _bSeventh edition. _dNew York, N.Y. : McGraw-Hill Education LLC., _c2018. _w(OCoLC)995005660. |
| 856 | 4 | 0 | _uhttp://172.30.46.200/cgi-bin/koha/opac-retrieve-file.pl?id=81903c3b8b0b59352c3d1d5eb698a427 |
| 907 | _a.b45477450 | ||
| 942 |
_2lcc _cEB _nMW |
||